<?xml version="1.0" encoding="UTF-8"?>
<marc:record xmlns:marc="http://www.loc.gov/MARC21/slim">
   <marc:leader>00000nam a2200000 a 4500</marc:leader>
   <marc:datafield ind1="1" ind2=" " tag="100">
      <marc:subfield code="a">Suter, Martin</marc:subfield>
   </marc:datafield>
   <marc:datafield ind1="1" ind2=" " tag="100">
      <marc:subfield code="a">Prochnow, Jürgen</marc:subfield>
   </marc:datafield>
   <marc:datafield ind1="1" ind2=" " tag="100">
      <marc:subfield code="a">Bleibtreu, Moritz</marc:subfield>
   </marc:datafield>
   <marc:datafield ind1="1" ind2=" " tag="100">
      <marc:subfield code="a">Rick, Stephan</marc:subfield>
   </marc:datafield>
   <marc:datafield ind1="0" ind2="0" tag="245">
      <marc:subfield code="a">Die dunkle Seite des Mondes [Bildtonträger]</marc:subfield>
   </marc:datafield>
   <marc:datafield ind1="0" ind2="0" tag="245">
      <marc:subfield code="c">Regie: Stephan Rick. Mit Moritz Bleibtreu, Jürgen Prochnow ... Nach dem Roman von Martin Suter</marc:subfield>
   </marc:datafield>
   <marc:datafield ind1=" " ind2="1" tag="264">
      <marc:subfield code="b">Impuls</marc:subfield>
      <marc:subfield code="c">2017</marc:subfield>
   </marc:datafield>
   <marc:datafield ind1="1" ind2=" " tag="520">
      <marc:subfield code="a">Urs Blank ist ein überaus erfolgreicher Wirtschaftsanwalt und als solcher ein angesehenes Mitglied der Gesellschaft. Doch trotz des beruflichen Erfolg und dem privaten Glück mit Frau Evelyn ist Blank nicht zufrieden: Der Selbstmord eines Geschäftskollegen wirft ihn aus der Bahn. Da tritt die unkonventionelle Lucille in sein Leben, von der er sich magisch angezogen fühlt und die ihn in ihre Welt entführt: Sie überredet ihn zu einem Trip auf halluzinogenen Pilzen &#x96; mit weitreichenden Folgen. Denn unter Drogen kann Blank seine Aggressionen und Instinkte nicht mehr kontrollieren, schreckt selbst vor Mord nicht zurück. Blank braucht dringend ein Gegenmittel und um es zu finden, zieht er sich in den Wald zurück. Seinen Feinden kommen die Schwierigkeiten gerade recht: Pius Ott, ein Geschäftspartner, hatte schon länger vor, Urs loszuwerden.</marc:subfield>
   </marc:datafield>
   <marc:datafield ind1=" " ind2=" " tag="020">
      <marc:subfield code="a">4042564166071</marc:subfield>
      <marc:subfield code="9">4042564166071</marc:subfield>
   </marc:datafield>
   <marc:datafield ind1=" " ind2=" " tag="500">
      <marc:subfield code="a">Orig. : Deutschland/Luxemburg 2015. Sprache: Deutsch (Dolby Digital 5.1)</marc:subfield>
   </marc:datafield>
   <marc:datafield ind1="0" ind2=" " tag="490">
      <marc:subfield code="v">0</marc:subfield>
   </marc:datafield>
   <marc:datafield ind1=" " ind2=" " tag="300">
      <marc:subfield code="a">1 DVD (97 Min.) : farbig</marc:subfield>
   </marc:datafield>
</marc:record>
